[Event "Tournament: World Senior ch."]
[Site "Marianske Lazne, Czechia"]
[Date "2016.11.27"]
[Round "8"]
[White "Stebbings, A."]
[Black "Singer, H."]
[Result "1/2-1/2"]
[WhiteElo "2260"]
[BlackElo "2202"]
[PlyCount "70"]
[EventDate "2016.??.??"]

1. d4 Nf6 2. c4 e6 3. Nc3 d5 4. Bg5 Be7 5. e3 h6 6. Bh4 O-O 7. Nf3 b6 8. Be2
Bb7 9. Bxf6 Bxf6 10. cxd5 exd5 11. b4 c6 12. O-O Nd7 13. Qb3 b5 14. a4 a6 15.
a5 Re8 16. Rfe1 Nf8 17. Bf1 Bc8 18. g3 Bf5 19. Ne2 Qd6 20. Ra2 Rac8 21. Qc3 Be7
22. Rb2 Nd7 23. Nf4 Bf8 24. Nd3 Nf6 25. Nd2 Bxd3 26. Qxd3 Red8 27. Rc1 Qe6 28.
Bg2 Bd6 29. Qb3 Bf8 30. Nf3 Ne4 31. Ne1 Nd6 32. Nd3 Nc4 33. Re2 Qf6 34. Qc3 Re8
35. Ree1 g6 1/2-1/2

[Event "Tournament: World Senior ch."]
[Site "Marianske Lazne, Czechia"]
[Date "2016.11.28"]
[Round "9"]
[White "Bratus, P."]
[Black "Stebbings, A."]
[Result "1/2-1/2"]
[WhiteElo "2140"]
[BlackElo "2260"]
[PlyCount "111"]
[EventDate "2016.??.??"]

1. Nf3 c5 2. g3 Nc6 3. Bg2 g6 4. c4 Bg7 5. Nc3 e6 6. O-O Nge7 7. d3 d5 8. Bg5
h6 9. Bd2 b6 10. a3 Bb7 11. Rb1 Rc8 12. Re1 O-O 13. Qc1 Kh7 14. e3 Qd7 15. Ne2
Rfd8 16. Bc3 e5 17. h3 Qe6 18. b3 Rc7 19. Qb2 f6 20. Rbd1 Rcd7 21. Qb1 Qd6 22.
Rc1 f5 23. Nh2 dxc4 24. dxc4 e4 25. Bxg7 Kxg7 26. f4 exf3 27. Nxf3 Kh7 28. Kh2
Ne5 29. Nxe5 Qxe5 30. Bxb7 Rxb7 31. Rcd1 Rbd7 32. Qc1 Rxd1 33. Rxd1 Rxd1 34.
Qxd1 Qxe3 35. Nf4 Qf2+ 36. Ng2 Qd4 37. Qf3 Qe4 38. Qd1 Qd4 39. Qf3 Qd6 40. Qb7
g5 41. h4 Kg6 42. hxg5 hxg5 43. Qa8 f4 44. Qe4+ Kf6 45. gxf4 gxf4 46. Nxf4 Kg5
47. Kg2 Qxf4 48. Qxe7+ Kf5 49. Qxa7 Qd2+ 50. Kf3 Qd3+ 51. Kf2 Qxb3 52. Qd7+ Ke4
53. Qd5+ Kf4 54. Qd6+ Ke4 55. Qd5+ Kf4 56. Qd6+ 1/2-1/2

[Event "Tournament: World Senior ch."]
[Site "Marianske Lazne, Czechia"]
[Date "2016.11.29"]
[Round "10"]
[White "Stebbings, A."]
[Black "Gal, M."]
[Result "1/2-1/2"]
[WhiteElo "2260"]
[BlackElo "2150"]
[PlyCount "76"]
[EventDate "2016.??.??"]

1. e4 c5 2. Nf3 Nc6 3. d4 cxd4 4. Nxd4 g6 5. c4 Bg7 6. Nc2 d6 7. Be2 Nh6 8. O-O
O-O 9. Nc3 f5 10. exf5 Nxf5 11. Rb1 Nfd4 12. Nxd4 Nxd4 13. Bd3 Kh8 14. Bd2 Bf5
15. Bxf5 Rxf5 16. Nd5 Qd7 17. Bc3 e5 18. Qd3 Raf8 19. Bxd4 exd4 20. f4 Re8 21.
Rbe1 Rff8 22. b3 a6 23. a4 Qf7 24. g3 b5 25. axb5 axb5 26. h4 bxc4 27. bxc4 Re6
28. Kf2 Rfe8 29. Rxe6 Qxe6 30. Kf3 h5 31. Kf2 Kh7 32. Kg2 Rb8 33. Rf2 Rf8 34.
Re2 Qg4 35. Re7 Kh8 36. Re2 Kh7 37. Re7 Kh8 38. Re2 Kh7 1/2-1/2

[Event "Tournament: World Senior ch."]
[Site "Marianske Lazne, Czechia"]
[Date "2016.11.30"]
[Round "11"]
[White "Tchetchelnitski, B."]
[Black "Stebbings, A."]
[Result "1/2-1/2"]
[WhiteElo "2144"]
[BlackElo "2260"]
[PlyCount "54"]
[EventDate "2016.??.??"]

1. d4 Nf6 2. Nf3 e6 3. g3 b5 4. Bg2 d5 5. O-O Nbd7 6. b3 Bb7 7. Ne5 c5 8. c4
bxc4 9. bxc4 cxd4 10. Nxd7 Qxd7 11. Qxd4 Rc8 12. cxd5 Bc5 13. Qh4 Bxd5 14. Bxd5
Nxd5 15. Nd2 Be7 16. Qg4 Bf6 17. Rb1 Nc3 18. Rb3 h5 19. Qf3 Nxa2 20. Rd3 Qc6
21. Ba3 Qxf3 22. Nxf3 Nc3 23. e3 Nd5 24. Nd4 Be7 25. Ra1 Bxa3 26. Rdxa3 O-O 27.
Rxa7 Rfd8 1/2-1/2

[Event "World Senior Team ch."]
[Site "Crete, Greece"]
[Date "2017.04.24"]
[Round "1"]
[White "Carlsten, P."]
[Black "Stebbings, A."]
[Result "0-1"]
[WhiteElo "1942"]
[BlackElo "2260"]
[PlyCount "56"]
[EventDate "2017.??.??"]

1. e4 c5 2. Nf3 e6 3. d4 cxd4 4. Nxd4 a6 5. Bd3 Nf6 6. Qe2 d6 7. O-O Qc7 8. Nc3
Be7 9. Kh1 Nbd7 10. Bd2 O-O 11. f4 Nc5 12. e5 dxe5 13. fxe5 Nfd7 14. Rae1 Nxd3
15. cxd3 Bh4 16. g3 Be7 17. Nf3 b5 18. d4 Bb7 19. Rc1 Qb6 20. Ne4 Rac8 21. h3
Bd5 22. b3 Rxc1 23. Bxc1 Rc8 24. Bg5 Bxg5 25. Nfxg5 Qxd4 26. Rf4 Rc1+ 27. Kg2
Qg1+ 28. Kf3 Nxe5# 0-1

[Event "World Senior Team ch."]
[Site "Crete, Greece"]
[Date "2017.04.28"]
[Round "5"]
[White "Uddenfeldt, D."]
[Black "Stebbings, A."]
[Result "0-1"]
[WhiteElo "2359"]
[BlackElo "2260"]
[PlyCount "74"]
[EventDate "2017.??.??"]

1. Nf3 c5 2. g3 Nc6 3. Bg2 g6 4. e4 Bg7 5. O-O e5 6. d3 Nge7 7. c3 O-O 8. Nh4
d5 9. Nd2 Be6 10. f4 exf4 11. gxf4 dxe4 12. dxe4 f5 13. exf5 gxf5 14. Qe2 Bd5
15. Ndf3 Qd6 16. Be3 b6 17. Rfd1 Qf6 18. Ng5 Rad8 19. Bxd5+ Nxd5 20. Qf3 Nde7
21. Rxd8 Rxd8 22. Rd1 Rxd1+ 23. Qxd1 h6 24. Qb3+ Kh8 25. Ngf3 Na5 26. Qb5 Qc6
27. Qd3 Qe6 28. b4 Nc4 29. Bf2 cxb4 30. cxb4 Qe4 31. Qd1 Kh7 32. Qd7 Bf6 33.
Nd4 Ne3 34. Ndf3 Qxf4 35. h3 N3d5 36. Qxa7 Qxb4 37. Qd7 Qb1+ 0-1

[Event "London league"]
[Site "?"]
[Date "2017.10.11"]
[Round "?"]
[White "Keane, G."]
[Black "Stebbings, A."]
[Result "1/2-1/2"]
[WhiteElo "2133"]
[BlackElo "2275"]
[PlyCount "57"]
[EventDate "2017.??.??"]

1. d4 Nf6 2. Bf4 e6 3. c3 c5 4. e3 b6 5. Nf3 Be7 6. Nbd2 Nh5 7. Bg3 Bb7 8. Bd3
Nc6 9. Qe2 a6 10. e4 cxd4 11. Nxd4 Nxg3 12. hxg3 Qc7 13. Nxc6 Qxc6 14. Nf3 b5
15. a3 Qb6 16. e5 g6 17. Qd2 Rd8 18. Qh6 Bf8 19. Qf4 Bxf3 20. Qf6 Bxg2 21. Rh2
Rg8 22. Rxh7 Bg7 23. Rxg7 Rxg7 24. Qxg7 d5 25. Qh8+ Kd7 26. Qf6 Ke8 27. Qh8+
Kd7 28. Qf6 Ke8 29. Qh8+ 1/2-1/2

[Event "County match"]
[Site "?"]
[Date "2017.10.14"]
[Round "?"]
[White "Pedersen, C."]
[Black "Stebbings, A."]
[Result "1/2-1/2"]
[WhiteElo "2245"]
[BlackElo "2275"]
[PlyCount "39"]
[EventDate "2017.??.??"]

1. e4 c5 2. Nc3 Nc6 3. g3 g6 4. Bg2 Bg7 5. d3 d6 6. f4 e5 7. Nf3 Nge7 8. O-O
Nd4 9. f5 gxf5 10. Nh4 f4 11. gxf4 Ng6 12. Nf5 Nxf5 13. exf5 Nxf4 14. Qg4 Kf8
15. Bxf4 exf4 16. Qxf4 Be5 17. Qh6+ Bg7 18. Qf4 Be5 19. Qh6+ Bg7 20. Qf4
1/2-1/2

[Event "London league"]
[Site "?"]
[Date "2017.11.01"]
[Round "?"]
[White "OrtizSanchez, L."]
[Black "Stebbings, A."]
[Result "0-1"]
[WhiteElo "1975"]
[BlackElo "2275"]
[PlyCount "79"]
[EventDate "2017.??.??"]

1. c4 c5 2. Nf3 Nf6 3. Nc3 d5 4. cxd5 Nxd5 5. d4 Nxc3 6. bxc3 g6 7. e3 Bg7 8.
Bc4 O-O 9. O-O Qc7 10. Qc2 Nc6 11. Ba3 Na5 12. Bd3 b6 13. Rfc1 Be6 14. Nd2 Rac8
15. Ba6 Rb8 16. Rab1 Rfd8 17. h3 f5 18. f4 Bf6 19. Bd3 cxd4 20. cxd4 Qxc2 21.
Rxc2 Rbc8 22. Rbc1 Rxc2 23. Rxc2 Rc8 24. Rxc8+ Bxc8 25. Bb4 Nc6 26. Bc4+ Kg7
27. Bc3 e6 28. Bb5 Ne7 29. Nc4 Nd5 30. Bd2 Be7 31. Bc6 Nb4 32. Bxb4 Bxb4 33.
Ne5 Kf6 34. Bb5 Bb7 35. Nc6 Bd2 36. Kf2 a6 37. Ba4 b5 38. Nd8 Bxg2 39. Kxg2
bxa4 40. Kf3 0-1

[Event "Tournament: World Senior ch."]
[Site "Acqui Terme, Italy"]
[Date "2017.11.07"]
[Round "1"]
[White "Khazankin, M."]
[Black "Stebbings, A."]
[Result "1-0"]
[WhiteElo "1942"]
[BlackElo "2275"]
[PlyCount "65"]
[EventDate "2017.??.??"]

1. e4 c5 2. Nf3 e6 3. d4 cxd4 4. Nxd4 a6 5. Be3 Nf6 6. Nc3 Qc7 7. Qd2 Bb4 8. f3
d5 9. exd5 Nxd5 10. Nde2 Nxe3 11. Qxe3 O-O 12. O-O-O Nc6 13. Kb1 b5 14. Ne4 Bb7
15. N2g3 Be7 16. h4 Rfc8 17. Bd3 Nb4 18. Qf2 Nxd3 19. Rxd3 b4 20. Nf1 a5 21.
Ne3 a4 22. Rhd1 Bxe4 23. fxe4 Qe5 24. Rd4 Bc5 25. Rd7 f5 26. Qf3 Bb6 27. R1d2
a3 28. Nd1 fxe4 29. Qf7+ Kh8 30. R2d6 e3 31. Rxe6 Qg3 32. Rde7 h6 33. Rxh6+ 1-0

[Event "Tournament: World Senior ch."]
[Site "Acqui Terme, Italy"]
[Date "2017.11.08"]
[Round "2"]
[White "Stebbings, A."]
[Black "ZotesFlecha, L."]
[Result "1-0"]
[WhiteElo "2275"]
[BlackElo "1834"]
[PlyCount "69"]
[EventDate "2017.??.??"]

1. e4 g6 2. d4 Bg7 3. c4 d6 4. Nc3 a6 5. Be3 c6 6. Qd2 b5 7. f3 Nd7 8. Bd3 b4
9. Na4 a5 10. Ne2 e5 11. O-O Ne7 12. Rac1 O-O 13. Rfd1 f5 14. exf5 gxf5 15.
dxe5 dxe5 16. c5 Nd5 17. Bc4 N7f6 18. Nb6 Rb8 19. Nxd5 cxd5 20. Bxd5+ Nxd5 21.
Qxd5+ Qxd5 22. Rxd5 Be6 23. Rd6 Bxa2 24. c6 e4 25. Bd4 exf3 26. gxf3 Rfe8 27.
Bxg7 Kxg7 28. Nd4 f4 29. c7 Rbc8 30. Nf5+ Kf7 31. Rd4 Rg8+ 32. Kf2 Ke6 33. Nd6
Ke5 34. Nxc8 Rxc8 35. Rd8 1-0

[Event "Tournament: World Senior ch."]
[Site "Acqui Terme, Italy"]
[Date "2017.11.09"]
[Round "3"]
[White "Muratoglu, S."]
[Black "Stebbings, A."]
[Result "0-1"]
[WhiteElo "1954"]
[BlackElo "2275"]
[PlyCount "98"]
[EventDate "2017.??.??"]

1. d4 Nf6 2. c4 e6 3. Nf3 b6 4. g3 Bb4+ 5. Bd2 a5 6. Bg2 Bb7 7. O-O O-O 8. a3
Bxd2 9. Nbxd2 c5 10. e3 d6 11. Qc2 Nbd7 12. b4 Qc7 13. dxc5 bxc5 14. b5 a4 15.
e4 Nb6 16. Rfe1 Nfd7 17. Qd3 Rfd8 18. Rad1 h6 19. Nb1 Ne5 20. Nxe5 dxe5 21. Qc2
Rd4 22. Rxd4 exd4 23. f4 Rd8 24. Qd3 e5 25. fxe5 Qxe5 26. Rf1 g6 27. Nc3 Re8
28. Nd5 Bxd5 29. exd5 Kg7 30. Rf3 f5 31. h4 h5 32. Bf1 Qe4 33. Kf2 Qe1+ 34. Kg2
Kf6 35. Qc2 Re3 36. Rxe3 Qxe3 37. Bd3 Nd7 38. Qe2 Ke5 39. Qxe3+ dxe3 40. Kf3
Kd4 41. Be2 Ne5+ 42. Kf4 Nxc4 43. Bxc4 Kxc4 44. Kxe3 Kxb5 45. Kd3 c4+ 46. Kd4
c3 47. Kxc3 Kc5 48. d6 Kxd6 49. Kb4 Ke5 0-1

[Event "Tournament: World Senior ch."]
[Site "Acqui Terme, Italy"]
[Date "2017.11.10"]
[Round "4"]
[White "Stebbings, A."]
[Black "Tofferl, H."]
[Result "1/2-1/2"]
[WhiteElo "2275"]
[BlackElo "2054"]
[PlyCount "74"]
[EventDate "2017.??.??"]

1. e4 e6 2. d4 d5 3. Nd2 Nf6 4. e5 Nfd7 5. f4 c5 6. c3 g6 7. Ndf3 b6 8. Be3 Bg7
9. Bd3 Ba6 10. Bxa6 Nxa6 11. Ne2 O-O 12. h4 h5 13. Ng5 Nc7 14. Ng1 cxd4 15.
Bxd4 f5 16. exf6 Bxf6 17. Qd2 e5 18. fxe5 Nxe5 19. O-O-O Qd7 20. N1f3 Rae8 21.
Rhe1 Qf5 22. Nxe5 Bxe5 23. Bxe5 Rxe5 24. Rxe5 Qxe5 25. Re1 Qg3 26. Nf3 Rf7 27.
Re2 Qg4 28. b3 Qg3 29. Kb2 Qd6 30. Qd3 a6 31. c4 Qf6+ 32. Qc3 dxc4 33. Qxf6
Rxf6 34. bxc4 Kf8 35. Ne5 Rd6 36. Kc3 Kg8 37. Rf2 Ne8 1/2-1/2

[Event "Tournament: World Senior ch."]
[Site "Acqui Terme, Italy"]
[Date "2017.11.11"]
[Round "5"]
[White "Hvenekilde, J."]
[Black "Stebbings, A."]
[Result "0-1"]
[WhiteElo "2058"]
[BlackElo "2275"]
[PlyCount "60"]
[EventDate "2017.??.??"]

1. e4 c5 2. Nf3 Nc6 3. d4 cxd4 4. Nxd4 e6 5. Be3 Nf6 6. Bd3 Qc7 7. O-O a6 8.
Nc3 Ne5 9. h3 Bc5 10. Re1 d6 11. Qe2 b5 12. Rad1 O-O 13. Nb3 Bxe3 14. Qxe3 Bb7
15. f4 Ng6 16. a3 Rac8 17. g4 e5 18. f5 Nf4 19. g5 N6h5 20. Be2 Nxe2+ 21. Rxe2
Nf4 22. Red2 Rfd8 23. h4 f6 24. Kf2 Qe7 25. Rg1 d5 26. exd5 Bxd5 27. Nxd5 Rxd5
28. Rxd5 Nxd5 29. Qe4 Qa7+ 30. Kg2 Nf4+ 0-1

[Event "Tournament: World Senior ch."]
[Site "Acqui Terme, Italy"]
[Date "2017.11.14"]
[Round "7"]
[White "Haubt, G."]
[Black "Stebbings, A."]
[Result "1/2-1/2"]
[WhiteElo "2195"]
[BlackElo "2275"]
[PlyCount "132"]
[EventDate "2017.??.??"]

1. d4 Nf6 2. Bg5 e6 3. e4 h6 4. Bxf6 Qxf6 5. c3 d5 6. e5 Qd8 7. Bd3 c5 8. Nf3
Nc6 9. O-O Qb6 10. Qd2 Bd7 11. dxc5 Bxc5 12. b4 Be7 13. a3 O-O 14. c4 dxc4 15.
Bxc4 Rfd8 16. Nc3 Rac8 17. Qf4 Nd4 18. Qxd4 Qxd4 19. Nxd4 Rxc4 20. Nce2 Ba4 21.
Nf3 f6 22. Rac1 Rdc8 23. Rxc4 Rxc4 24. Re1 Re4 25. Nc3 Rxe1+ 26. Nxe1 Bc6 27.
Nd3 Kf7 28. f4 Bd8 29. b5 Bb6+ 30. Kf1 Be8 31. Ne4 Bc7 32. a4 fxe5 33. Nxe5+
Ke7 34. Nc5 g5 35. g3 gxf4 36. gxf4 b6 37. Ne4 Kd8 38. Kf2 Bh5 39. Ke3 Bxe5 40.
fxe5 Bg6 41. Nc3 Kc7 42. Kd4 Bc2 43. Kc4 Kb7 44. Kb4 a5+ 45. bxa6+ Kxa6 46. Nb5
Bf5 47. h4 Bg4 48. Nd6 Bd1 49. Nf7 h5 50. Nd6 Bg4 51. Nb5 Bf5 52. Nd4 Bg4 53.
Nb5 Bf5 54. Nc3 Bc2 55. Ne2 Bd1 56. Nf4 Bg4 57. Ng2 Bf5 58. Ne3 Bg6 59. Nc4 Bd3
60. Nd2 Be2 61. Nb3 Bd1 62. Nd4 Bg4 63. Nc2 Bf5 64. Ne3 Bg6 65. Ng2 Bf5 66. Nf4
Bg4 1/2-1/2

[Event "Tournament: World Senior ch."]
[Site "Acqui Terme, Italy"]
[Date "2017.11.16"]
[Round "9"]
[White "Zhelesny, S."]
[Black "Stebbings, A."]
[Result "1/2-1/2"]
[WhiteElo "2088"]
[BlackElo "2275"]
[PlyCount "38"]
[EventDate "2017.??.??"]

1. Nf3 c5 2. g3 g6 3. Bg2 Bg7 4. d4 cxd4 5. Nxd4 Nc6 6. c3 Nf6 7. O-O O-O 8. e4
Qb6 9. Na3 d6 10. Nc4 Qc7 11. Ne3 Bd7 12. Re1 a6 13. Nd5 Nxd5 14. Nxc6 bxc6 15.
exd5 Bf6 16. g4 Rfe8 17. g5 Be5 18. Qb3 Rab8 19. Qc4 c5 1/2-1/2

[Event "Tournament: World Senior ch."]
[Site "Acqui Terme, Italy"]
[Date "2017.11.17"]
[Round "10"]
[White "Stebbings, A."]
[Black "Barlocco, C."]
[Result "1/2-1/2"]
[WhiteElo "2275"]
[BlackElo "2056"]
[PlyCount "57"]
[EventDate "2017.??.??"]

1. d4 d5 2. c4 e6 3. Nc3 Be7 4. Nf3 Nf6 5. Bg5 O-O 6. e3 h6 7. Bh4 b6 8. Bd3
Bb7 9. Bxf6 Bxf6 10. cxd5 exd5 11. O-O c5 12. Rc1 cxd4 13. exd4 Nc6 14. Bb1 Re8
15. Qd2 Qd7 16. Qf4 Nd8 17. Rfe1 Ne6 18. Qf5 Nf8 19. Qxd7 Nxd7 20. Bc2 Nf8 21.
Rxe8 Rxe8 22. Bb3 Ne6 23. Bxd5 Bxd5 24. Nxd5 Bxd4 25. Nxd4 Nxd4 26. Kf1 Ne6 27.
Ne3 Rd8 28. Rd1 Rxd1+ 29. Nxd1 1/2-1/2

[Event "Tournament: World Senior ch."]
[Site "Acqui Terme, Italy"]
[Date "2017.11.18"]
[Round "11"]
[White "Ricter, JP."]
[Black "Stebbings, A."]
[Result "0-1"]
[WhiteElo "2037"]
[BlackElo "2275"]
[PlyCount "126"]
[EventDate "2017.??.??"]

1. e4 c5 2. d4 cxd4 3. c3 dxc3 4. Nxc3 e6 5. Nf3 a6 6. Bc4 Nc6 7. Qe2 Nge7 8.
Bg5 h6 9. Bh4 g5 10. Bg3 Bg7 11. O-O b5 12. Bb3 Bb7 13. Rad1 Qb6 14. Nd5 Nxd5
15. exd5 Ne7 16. dxe6 dxe6 17. Rd6 Qc5 18. Bxe6 O-O 19. Bb3 Nf5 20. Rd7 Bc6 21.
Rdd1 Rfe8 22. Qd2 Bxf3 23. gxf3 Nd4 24. Qd3 Qc6 25. Kh1 Ra7 26. Rc1 Qxf3+ 27.
Qxf3 Nxf3 28. Bd5 Nd4 29. Rfe1 Ne2 30. Kg2 Rae7 31. Rxe2 Rxe2 32. Rc7 R8e7 33.
Rc8+ Kh7 34. Kf3 f5 35. Bd6 g4+ 36. Kf4 Be5+ 37. Bxe5 R2xe5 38. Bb3 Re2 39.
Kxf5 Rxf2+ 40. Kxg4 Rxh2 41. Ra8 Rg7+ 42. Kf4 Rg6 43. Ra7+ Kh8 44. Ra8+ Kg7 45.
Ra7+ Kf8 46. Kf5 Rb6 47. Ra8+ Ke7 48. Ke5 Rxb2 49. Ra7+ Kf8 50. Rf7+ Ke8 51.
Ra7 h5 52. Bd5 Re2+ 53. Be4 Rh6 54. a4 bxa4 55. Ra8+ Kd7 56. Ra7+ Kc8 57. Kd4
Rxe4+ 58. Kxe4 h4 59. Rf7 h3 60. Rf1 h2 61. Rh1 a3 62. Kf3 a2 63. Kg2 Kb7 0-1

[Event "London league"]
[Site "?"]
[Date "2017.11.29"]
[Round "?"]
[White "Stewart, M."]
[Black "Stebbings, A."]
[Result "1/2-1/2"]
[WhiteElo "1945"]
[BlackElo "2275"]
[PlyCount "99"]
[EventDate "2017.??.??"]

1. e4 c5 2. f4 g6 3. c3 Nc6 4. Nf3 Bg7 5. Be2 e6 6. O-O Nge7 7. d3 d5 8. Qe1 b6
9. Na3 Ba6 10. Nc2 O-O 11. e5 Qd7 12. g4 f6 13. d4 Bxe2 14. Qxe2 f5 15. h3 Rfc8
16. Be3 cxd4 17. Ncxd4 Nxd4 18. Nxd4 Rc4 19. Rac1 Rac8 20. Rc2 a6 21. g5 b5 22.
Rfc1 Bf8 23. b3 R4c7 24. c4 bxc4 25. bxc4 Nc6 26. Nxc6 Rxc6 27. cxd5 Rxc2 28.
Rxc2 Rxc2 29. Qxc2 Qxd5 30. Qb3 Qxb3 31. axb3 Kf7 32. Kf2 Ke8 33. Ke2 Kd7 34.
Kd3 Kc6 35. Kc4 h6 36. h4 h5 37. b4 Be7 38. Bd4 Bd8 39. Bc5 a5 40. b5+ Kb7 41.
Be3 Bb6 42. Bc5 Bd8 43. Be3 Be7 44. Bc5 Bd8 45. Be3 Bb6 46. Bc5 a4 47. Bxb6
Kxb6 48. Kb4 a3 49. Kxa3 Kxb5 50. Kb3 1/2-1/2

[Event "London league"]
[Site "?"]
[Date "2018.01.24"]
[Round "?"]
[White "Stebbings, A."]
[Black "Tennyson, J."]
[Result "1/2-1/2"]
[WhiteElo "2268"]
[BlackElo "2028"]
[PlyCount "72"]
[EventDate "2018.??.??"]

1. d4 Nf6 2. c4 e6 3. Nc3 Bb4 4. e3 O-O 5. Bd3 d5 6. cxd5 exd5 7. Nge2 Bg4 8.
f3 Bh5 9. Qb3 c5 10. O-O Qd7 11. dxc5 Bxc5 12. Nf4 d4 13. Na4 Be7 14. e4 Nc6
15. Bd2 g5 16. Nxh5 Nxh5 17. Rac1 Ng7 18. Nc5 Bxc5 19. Rxc5 Ne6 20. Rb5 b6 21.
Bxg5 Nc5 22. Qd5 Qxd5 23. exd5 Ne5 24. Bf5 f6 25. Bh4 Nc4 26. Be6+ Kg7 27. Rd1
d3 28. Bf2 Nxe6 29. dxe6 Rfd8 30. Kf1 d2 31. Rb3 Rd5 32. Be3 Re8 33. Ke2 Rxe6
34. Rc3 Rde5 35. Rxc4 Rxe3+ 36. Kxd2 Re2+ 1/2-1/2

[Event "County match"]
[Site "?"]
[Date "2018.01.27"]
[Round "?"]
[White "Osborne, M."]
[Black "Stebbings, A."]
[Result "1/2-1/2"]
[WhiteElo "2185"]
[BlackElo "2268"]
[PlyCount "54"]
[EventDate "2018.??.??"]

1. d4 Nf6 2. Nf3 e6 3. e3 b6 4. Bd3 Bb7 5. O-O Be7 6. c4 O-O 7. Nc3 d5 8. cxd5
exd5 9. Ne5 c5 10. f4 Nc6 11. Qf3 Re8 12. Ne2 Bf8 13. Ng3 cxd4 14. Nxc6 Bxc6
15. exd4 Ne4 16. Be3 Qd7 17. Rfe1 Bb5 18. Bc2 Rac8 19. Rac1 f5 20. Nxe4 dxe4
21. Bb3+ Kh8 22. Qh5 g6 23. Qh4 Bg7 24. Qf2 Ba4 25. Bc4 Bb5 26. Bb3 Ba4 27. Bc4
Bb5 1/2-1/2

[Event "London league"]
[Site "?"]
[Date "2018.02.12"]
[Round "?"]
[White "Atako, C."]
[Black "Stebbings, A."]
[Result "1-0"]
[WhiteElo "2178"]
[BlackElo "2268"]
[PlyCount "131"]
[EventDate "2018.??.??"]

1. e4 c5 2. Nf3 e6 3. d4 cxd4 4. Nxd4 a6 5. Bd3 Nf6 6. O-O Qc7 7. Nc3 d6 8. Kh1
Nbd7 9. f4 b5 10. f5 e5 11. Nf3 Bb7 12. a3 Be7 13. Qe1 O-O 14. Qg3 Rfe8 15. Bh6
Bf8 16. Rae1 Rac8 17. Bg5 Qb6 18. Be3 Qc6 19. Bc1 Ba8 20. Qh4 Rb8 21. Ng5 h6
22. Rf3 a5 23. Rg3 b4 24. axb4 axb4 25. Nd5 Nxd5 26. exd5 hxg5 27. Bxg5 Qxd5
28. Be4 Qd4 29. f6 Bxe4 30. Rg4 Bxc2 31. fxg7 Bxg7 32. Bh6 Qxg4 33. Qxg4 Bg6
34. Bxg7 Kxg7 35. Qxd7 Rbd8 36. Qc7 e4 37. h4 d5 38. Qb6 d4 39. h5 d3 40. hxg6
d2 41. Rd1 f5 42. Qc7+ Kxg6 43. Qg3+ Kf7 44. Qe3 Rd3 45. Qf4 Red8 46. Qxf5+ Kg7
47. Qxe4 R3d4 48. Qe5+ Kg6 49. Qe6+ Kg5 50. g3 R8d6 51. Qe7+ Kg6 52. Kg2 Rd7
53. Qe6+ Kg7 54. Kh3 R7d6 55. Qe5+ Kg8 56. Qg5+ Kf7 57. g4 Ke8 58. Kh4 Kf7 59.
Rf1+ Ke6 60. Qf5+ Ke7 61. Qf7+ Kd8 62. Ra1 Rd7 63. Qf8+ Kc7 64. Qc5+ Kb7 65.
Ra7+ Kb8 66. Qb6+ 1-0

[Event "County match"]
[Site "?"]
[Date "2018.02.24"]
[Round "?"]
[White "Stebbings, A."]
[Black "Goldberg, J."]
[Result "1/2-1/2"]
[WhiteElo "2268"]
[BlackElo "2125"]
[PlyCount "62"]
[EventDate "2018.??.??"]

1. d4 d5 2. c4 c6 3. Nc3 Nf6 4. e3 g6 5. Nf3 Bg7 6. Be2 O-O 7. O-O Nbd7 8. Qc2
b6 9. e4 dxe4 10. Nxe4 Qc7 11. Nxf6+ Bxf6 12. Bh6 Re8 13. Rad1 Nf8 14. h3 Ne6
15. Rfe1 c5 16. d5 Nd4 17. Nxd4 cxd4 18. Bd3 a5 19. a4 Bd7 20. b3 Rad8 21. Qd2
e5 22. dxe6 Rxe6 23. Rxe6 Bxe6 24. Re1 Qc5 25. Qc2 Bg7 26. Bxg7 Kxg7 27. f4 Qd6
28. Qd2 Re8 29. f5 Bd7 30. Rxe8 Bxe8 31. fxg6 hxg6 1/2-1/2

[Event "London league"]
[Site "?"]
[Date "2018.03.05"]
[Round "?"]
[White "Mihalik, A."]
[Black "Stebbings, A."]
[Result "0-1"]
[WhiteElo "2200"]
[BlackElo "2268"]
[PlyCount "73"]
[EventDate "2018.??.??"]

1. e4 c5 2. Nf3 e6 3. d4 cxd4 4. Nxd4 a6 5. Bd3 Bc5 6. Nb3 Be7 7. O-O d6 8. a4
b6 9. c4 Nc6 10. Nc3 Nf6 11. Be3 O-O 12. f4 Bb7 13. Rc1 Rc8 14. Qe2 Nd7 15. Bb1
Nc5 16. Nd2 Bf6 17. a5 Bd4 18. Ba2 bxa5 19. Bxd4 Nxd4 20. Qe3 e5 21. Nd5 Rb8
22. Rb1 a4 23. Kh1 Bc6 24. Rfd1 f6 25. Nf3 Bxd5 26. cxd5 Nxf3 27. gxf3 Rb4 28.
f5 Qb8 29. Rd2 Rf7 30. Rg2 Rfb7 31. Qc3 a3 32. b3 Nxb3 33. Rbg1 Nc5 34. Qxa3
Rb2 35. Rg3 Rf2 36. Bc4 Kh8 37. R3g2 0-1

[Event "County match"]
[Site "?"]
[Date "2018.03.10"]
[Round "?"]
[White "Brewer, C."]
[Black "Stebbings, A."]
[Result "1/2-1/2"]
[WhiteElo "2155"]
[BlackElo "2268"]
[PlyCount "73"]
[EventDate "2018.??.??"]

1. e4 c5 2. Nc3 Nc6 3. Bb5 Nd4 4. Nf3 e6 5. O-O a6 6. Bd3 Nc6 7. Be2 Nf6 8. d4
cxd4 9. Nxd4 Qc7 10. Be3 Bb4 11. f3 O-O 12. Qe1 Nxd4 13. Bxd4 e5 14. Be3 Bc5
15. Bxc5 Qxc5+ 16. Qf2 Qxf2+ 17. Rxf2 d6 18. Rd1 Rd8 19. Bc4 Be6 20. Bxe6 fxe6
21. Rfd2 Ne8 22. b3 b5 23. Rd3 Rdc8 24. R1d2 Rc6 25. Nd1 Rac8 26. Ne3 Rc3 27.
Kf2 Kf7 28. Ke2 Ke7 29. Rxc3 Rxc3 30. Rd3 Rxd3 31. Kxd3 Kd7 32. c4 b4 33. Nc2
a5 34. a3 bxa3 35. Nxa3 Kc6 36. Nc2 Kc5 37. Kc3 1/2-1/2

[Event "London league"]
[Site "?"]
[Date "2018.04.11"]
[Round "?"]
[White "Andrews, BP."]
[Black "Stebbings, A."]
[Result "1/2-1/2"]
[WhiteElo "2035"]
[BlackElo "2268"]
[PlyCount "107"]
[EventDate "2018.??.??"]

1. c4 c5 2. Nc3 Nc6 3. g3 g6 4. Bg2 Bg7 5. e3 e5 6. Nge2 Nge7 7. Rb1 d6 8. a3
a5 9. d3 O-O 10. Bd2 Rb8 11. Nb5 d5 12. O-O dxc4 13. dxc4 Qd3 14. Bc3 Bf5 15.
Rc1 Rfd8 16. b3 a4 17. Re1 Qxd1 18. Rexd1 axb3 19. e4 Bg4 20. Re1 Bh6 21. Rb1
Bd2 22. Bxd2 Rxd2 23. Nec3 Nd4 24. Nxd4 cxd4 25. Nd5 Nxd5 26. exd5 b2 27. Rxe5
Bf5 28. Be4 f6 29. Rxf5 gxf5 30. Bxf5 Kf8 31. d6 Rd8 32. Kf1 d3 33. c5 Rc2 34.
Bxd3 Rxc5 35. Rxb2 Rxd6 36. Bxh7 b6 37. Be4 Rc3 38. a4 Rc4 39. Bf5 Rxa4 40. h4
Ra5 41. g4 Kg7 42. Kg2 b5 43. Rc2 Ra7 44. Rc8 Rb6 45. h5 Rf7 46. Bg6 Re7 47.
Bf5 b4 48. h6+ Kxh6 49. Rh8+ Kg7 50. Rh7+ Kf8 51. Rh8+ Kf7 52. Rh7+ Ke8 53.
Rh8+ Kf7 54. Rh7+ 1/2-1/2

[Event "London league"]
[Site "?"]
[Date "2018.05.09"]
[Round "?"]
[White "Stebbings, A."]
[Black "Sullivan, P."]
[Result "1/2-1/2"]
[WhiteElo "2268"]
[BlackElo "2128"]
[PlyCount "65"]
[EventDate "2018.??.??"]

1. e4 g6 2. d4 Bg7 3. Nc3 d6 4. Nge2 Nd7 5. g3 c5 6. Bg2 Ngf6 7. h3 Rb8 8. Be3
b6 9. O-O O-O 10. Qd2 Re8 11. a4 a6 12. Rfe1 cxd4 13. Nxd4 Bb7 14. Nd5 e5 15.
Ne2 Nxd5 16. exd5 f5 17. c4 Nc5 18. Qc2 a5 19. Rad1 Qf6 20. b3 Bc8 21. f4 Bf8
22. Bc1 Bb7 23. Bb2 Rbd8 24. Nc1 Bg7 25. Nd3 Nxd3 26. Rxd3 Qf7 27. fxe5 dxe5
28. Rde3 e4 29. Qd2 Bxb2 30. Qxb2 Qg7 31. Qxg7+ Kxg7 32. Kf2 Kf6 33. R3e2
1/2-1/2

[Event "London league"]
[Site "?"]
[Date "2018.05.24"]
[Round "?"]
[White "Stebbings, A."]
[Black "Vachtfeidl, P."]
[Result "1-0"]
[WhiteElo "2268"]
[BlackElo "1893"]
[PlyCount "71"]
[EventDate "2018.??.??"]

1. e4 e5 2. Nf3 Nc6 3. Bb5 a6 4. Ba4 Nf6 5. Qe2 Be7 6. c3 b5 7. Bb3 d5 8. d3
O-O 9. O-O d4 10. cxd4 Nxd4 11. Nxd4 Qxd4 12. Be3 Qd6 13. Rc1 Rd8 14. Bc5 Qc6
15. Qe3 Bxc5 16. Qxc5 Qxc5 17. Rxc5 Rxd3 18. Rxc7 Be6 19. Bc2 Rd4 20. f3 b4 21.
Kf2 Rad8 22. b3 a5 23. Ke3 h6 24. Ke2 Kf8 25. Rc5 Rc8 26. Rxc8+ Bxc8 27. Bd3
Be6 28. Nd2 Nd7 29. Rc1 a4 30. Bc4 Bxc4+ 31. Nxc4 axb3 32. axb3 Nc5 33. Nxe5
Nxb3 34. Rb1 Na5 35. Ke3 Rd8 36. Rxb4 {Time} 1-0